Life times : (Record no. 119521)
[ view plain ]
| 000 -LEADER | |
|---|---|
| fixed length control field | 02096cam a2200349 a 4500 |
| 001 - CONTROL NUMBER | |
| control field | 8287614 |
| 003 - CONTROL NUMBER IDENTIFIER | |
| control field | ARRUPE |
| 005 - DATE AND TIME OF LATEST TRANSACTION | |
| control field | 20140114020012.0 |
| 008 - FIXED-LENGTH DATA ELEMENTS--GENERAL INFORMATION | |
| fixed length control field | 100611s2010 nyu 000 1 eng |
| 010 ## - LIBRARY OF CONGRESS CONTROL NUMBER | |
| LC control number | 2010023403 |
| 020 ## - INTERNATIONAL STANDARD BOOK NUMBER | |
| International Standard Book Number | 9780374270537 (alk. paper) |
| 020 ## - INTERNATIONAL STANDARD BOOK NUMBER | |
| International Standard Book Number | 0374270538 (alk. paper) |
| 024 ## - OTHER STANDARD IDENTIFIER | |
| Standard number or code | 99940601908 |
| 035 ## - SYSTEM CONTROL NUMBER | |
| System control number | (OCoLC)555656627 |
| 035 ## - SYSTEM CONTROL NUMBER | |
| System control number | (OCoLC)ocn555656627 |
| 035 ## - SYSTEM CONTROL NUMBER | |
| System control number | (NNC)8287614 |
| 040 ## - CATALOGING SOURCE | |
| Original cataloging agency | DLC |
| Transcribing agency | DLC |
| Modifying agency | YDX |
| -- | BTCTA |
| -- | YDXCP |
| -- | ABG |
| -- | CDX |
| -- | ZAG |
| 043 ## - GEOGRAPHIC AREA CODE | |
| Geographic area code | f-sa--- |
| 050 00 - LIBRARY OF CONGRESS CALL NUMBER | |
| Classification number | PR9369.3.G6 |
| Item number | L54 2010 |
| 082 00 - DEWEY DECIMAL CLASSIFICATION NUMBER | |
| Classification number | 823/.914 |
| Edition number | 22 |
| 300 ## - PHYSICAL DESCRIPTION | |
| Dimensions | 24 cm. |
| 100 1# - MAIN ENTRY--PERSONAL NAME | |
| Personal name | Gordimer, Nadine. |
| 9 (RLIN) | 6520 |
| 245 10 - TITLE STATEMENT | |
| Title | Life times : |
| Remainder of title | stories, 1952-2007 / |
| Statement of responsibility, etc | Nadine Gordimer. |
| 250 ## - EDITION STATEMENT | |
| Edition statement | 1st American ed. |
| 260 ## - PUBLICATION, DISTRIBUTION, ETC. (IMPRINT) | |
| Place of publication, distribution, etc | New York : |
| Name of publisher, distributor, etc | Farrar, Straus and Giroux, |
| Date of publication, distribution, etc | 2010. |
| 300 ## - PHYSICAL DESCRIPTION | |
| Extent | 549 p. ; |
| 505 0# - FORMATTED CONTENTS NOTE | |
| Formatted contents note | The soft voice of the serpent -- The amateurs -- Six feet of the country -- Face from Atlantis -- Which new era would that be? -- The smell of death and flowers -- Not for publication -- Through time and distance -- A chip of glass ruby -- Some Monday for sure -- Friday's footprint -- The bridegroom -- Livingstone's companions -- Why haven't you written? -- Open house -- A meeting in space -- Rain-queen -- Town and country lovers -- A soldier's embrace -- For dear life -- Oral history -- A lion on the freeway -- At the rendezvous of victory -- Letter from his father -- Something out there -- Once upon a time -- The moment before the gun went off -- The ultimate safari -- A find -- Loot -- The generation gap -- Look-alikes -- The diamond mine -- Tape measure -- Dreaming of the dead -- Beethoven was one-sixteenth black -- Parking tax -- Second coming. |
| 520 ## - SUMMARY, ETC. | |
| Summary, etc | A collection of short fictional works offers insight into the author's use of rich language to convey themes ranging from politics and sexuality to race and family life, in a volume that includes such pieces as "Friday's Footprint" and "Something Out There." |
| 651 #0 - SUBJECT ADDED ENTRY--GEOGRAPHIC NAME | |
| Geographic name | South Africa |
| Form subdivision | Fiction. |
| 9 (RLIN) | 6521 |
| 942 ## - ADDED ENTRY ELEMENTS (KOHA) | |
| Source of classification or shelving scheme | Library of Congress Classification |
| Koha item type | Monograph ( Printed materials) |
| Koha issues (borrowed), all copies | 1 |
| 948 1# - LOCAL PROCESSING INFORMATION (OCLC); SERIES PART DESIGNATOR (RLIN) | |
| Series part designator, SPT (RLIN) | 20110128 |
| b (OCLC) | c |
| c (OCLC) | sds12 |
| d (OCLC) | MPS |
| Withdrawn status | Lost status | Source of classification or shelving scheme | Damaged status | Not for loan | Home library | Current library | Date acquired | Total Checkouts | Full call number | Barcode | Date last seen | Date checked out | Price effective from | Koha item type |
|---|---|---|---|---|---|---|---|---|---|---|---|---|---|---|
| Library of Congress Classification | ARRUPE LIBRARY | ARRUPE LIBRARY | 10/01/2014 | 1 | PR9369.3.G6 L51 2011 | 46410879 | 24/01/2014 | 13/01/2014 | 10/01/2014 | Monograph ( Printed materials) |